|
|
|
|
| LEADER |
01271nam a22002772a 4500 |
| 001 |
000284419 |
| 003 |
CZ BrMZK |
| 005 |
20061017104429.0 |
| 007 |
ta |
| 008 |
980107s1988 xo f slo d |
| 040 |
|
|
|a BOA001
|b cze
|
| 080 |
|
|
|a 808.54-15(075.8)
|2 MRF
|
| 100 |
1 |
|
|a Kráľ, Ábel,
|d 1932-2023
|7 mzk2002142303
|4 aut
|
| 245 |
1 |
0 |
|a Pravidlá slovenskej výslovnosti :
|b vysokoškolská príručka pre filozofické a pedagogické fakulty vysokých škôl a Vysokých škôl múzických umení v Bratislave /
|c Ábel Kráľ
|
| 250 |
|
|
|a 2. vyd.
|
| 260 |
|
|
|a Bratislava :
|b Slovenské pedagogické nakladateľstvo,
|c 1988
|
| 300 |
|
|
|a 626 s.
|
| 504 |
|
|
|a Obsahuje bibliografii
|
| 910 |
|
|
|a BOA001
|b PK-0107.425
|b 2-0932.360
|
| 920 |
|
|
|a 000079773
|
| 964 |
|
|
|a Slovenština - výslovnost - pravidla - příručky - školy vysoké
|
| 990 |
|
|
|a BK
|
| 996 |
6 |
|
|b 2619920954
|c 2-0932.360
|l MZK
|r Sklad / do 1 hodiny
|n 0
|w 000284419
|u 000030
|a 1
|e BOA001
|j MZK50
|s P
|
| 996 |
7 |
|
|b 2619920974
|c 2-0932.360
|l MZK
|r Sklad / do 1 hodiny
|n 0
|w 000284419
|u 000040
|a 1
|e BOA001
|j MZK50
|s A
|
| 996 |
7 |
|
|b 2619980343
|c 2-0932.360
|l MZK
|r Sklad / do 1 hodiny
|n 0
|w 000284419
|u 000020
|a 1
|e BOA001
|j MZK50
|s A
|
| 996 |
7 |
|
|b 3119918232
|c PK-0107.425
|l MZK
|r Sklad / do 1 hodiny
|n 0
|w 000284419
|u 000010
|a 1
|e BOA001
|j MZK50
|s A
|